000 00448nam a22001697a 4500
005 20230118111723.0
008 200518b xxu||||| |||| 00| 0 eng d
020 _a9789384875268
041 _aeng
082 _a615.19 ARO
100 _aARORA, NOMITA
_95543
245 _aPractical Hand Book of Pharmaceutical Analysis
260 _aModinagar (UP)
_bUnnati Publication
_c2019
300 _a170
650 _aPharmacy
_xD.PHARMA
_97090
942 _cBK
999 _c6291
_d6289